| 000 | 01847nam0a2200373 4500 | ||
|---|---|---|---|
| 001 | RU\NLR\bibl\1114334 | ||
| 005 | 20250615062733.0 | ||
| 010 |
_a978-5-8071-0175-8 _bВ пер. _91000 |
||
| 021 |
_aRU _b2007-42405 _92270 |
||
| 035 | _a(nilc)RSL-KNO-003140604 | ||
| 035 | _a(NLR Aleph) 001101347 | ||
| 090 |
_a1180255 _c1180255 |
||
| 100 | _a20070703d2007 |||y0rusy50 ca | ||
| 101 | 1 |
_arus _ceng |
|
| 102 | _aRU | ||
| 105 | _ay zzzz||||| | ||
| 200 | 1 |
_aСицилийская Вечерня: история Средиземноморья в XIII веке _fРансимен Стивен _g[пер. с англ. Нейсмарк С. В.] |
|
| 210 |
_aСанкт-Петербург _cЕвразия _d2007 |
||
| 215 |
_a381, [1] с. _d21 |
||
| 225 | 1 | _aClio personalis | |
| 225 | 1 | _aCLIO | |
| 320 | _aБиблиогр. в прим.: с. 344-381 | ||
| 607 |
_aСредиземноморские страны _xИстория _z13 в. _92320065 _3RU\NLR\auth\661388025 |
||
| 610 | 0 | _aИстория. Исторические науки -- История зарубежных стран -- Италия -- Средние века (5-80-е гг. 18 в.) -- Период городских коммун (10-13 вв.) -- Классовая борьба. Общественно-политические движения -- Национально-освободительное движение -- "Сицилийская вечерня" (1282) | |
| 610 | 0 | _a"Сицилийская вечерня" (1282) | |
| 686 |
_aТ3(4Ит)421-451,02 _2rubbk |
||
| 686 | _aТ3(0)42,02 | ||
| 700 | 1 |
_4070 _7ca _8rus _aРансимен _bС. _f1903-2000 _gСтивен _9222880 _3RU\NLR\AUTH\770222936 |
|
| 801 | 0 |
_aRU _bРКП _c20070703 _grcr |
|
| 801 | 1 |
_aRU _bРГБ _c20070703 |
|
| 801 | 2 |
_aRU _bNLR _c20070802 _grcr |
|
| 942 | _cBOOK | ||
| 980 | _aNB | ||